|
|
|
|
| LEADER |
01470nam a2200313 a 4500 |
| 001 |
2013165 |
| 008 |
100121s1991 nyua b 100 0 eng d |
| 010 |
|
|
|a \\\91003939
|
| 020 |
|
|
|a 0195070496 (cloth)
|
| 020 |
|
|
|a 019507050X (paper)
|
| 040 |
|
|
|a DLC
|c DLC
|d DLC
|d BD-DhAAL
|
| 082 |
0 |
0 |
|a 333.7
|2 20
|
| 245 |
0 |
0 |
|a Resources, environment, and population :
|b present knowledge, future options /
|c Kingsley Davis, Mikhail S. Bernstam, editors.
|
| 260 |
|
|
|a New York :
|b Population Council :
|b Oxford University Press,
|c 1991.
|
| 300 |
|
|
|a xii, 423 p. :
|b ill. ;
|c 27 cm.
|
| 500 |
|
|
|a "Based on a conference held at the Hoover Institution, Stanford University, 1-3 February 1989."
|
| 500 |
|
|
|a "Population and development review. A supplement to volume 16, 1990."
|
| 504 |
|
|
|a Includes bibliographical references.
|
| 541 |
1 |
|
|e 00004629
|
| 650 |
|
0 |
|a Population
|x Economic aspects
|x Congresses.
|
| 650 |
|
0 |
|a Population
|x Environmental aspects
|x Congresses.
|
| 650 |
|
0 |
|a Natural resources
|x Congresses.
|
| 650 |
|
0 |
|a Economic development
|x Environmental aspects
|x Congresses.
|
| 700 |
1 |
|
|a Davis, Kingsley,
|d 1908-1997.
|
| 700 |
1 |
|
|a Bernstam, Mikhail S.
|
| 730 |
0 |
|
|a Population and development review.
|n Vol. 16 (Supplement)
|
| 852 |
4 |
|
|a Ayesha Abed Library
|j General shelf
|
| 999 |
|
|
|c 7118
|d 7118
|
| 952 |
|
|
|0 0
|1 0
|2 ddc
|4 0
|6 333_700000000000000_RES_1991
|7 0
|9 7392
|a BRACUL
|b BRACUL
|c GEN
|d 2010-01-24
|g 0.00
|l 0
|o 333.7 RES
|p 3010004629
|r 2010-01-24
|t 1
|w 2010-01-24
|y BK
|z Not price in Register
|